Účtovanie a vykazovanie pohľadávok voči akcionárom, spoločníkom a členom družstva za upísané vlastné imanie v obchodných spoločnostiach a v družstve

Konečný zostatok vykázaný na účte 353 - Pohľadávky za upísané vlastné imanie sa bude podľa novelizovaného Opatrenia vykazovať vo výkaze Súvaha, na strane pasív, ako súčasť vlastného imania, na riadku č. 072 so znamienkom mínus. Týmto spôsobom sa zabezpečí odstránenie doterajšieho zvyšovania hodnoty...

Ausführliche Beschreibung

Gespeichert in:
Bibliographische Detailangaben
1. Verfasser: Máziková, Katarína
Format: Buchkapitel
Sprache:Slowakisch
Schlagworte:
Tags: Tag hinzufügen
Keine Tags, Fügen Sie das erste Tag hinzu!

MARC

LEADER 00000naa$a2200000$$$4500
001 0094810
005 20240502072044.9
041 0 |a slo 
044 |a SK 
245 1 0 |a Účtovanie a vykazovanie pohľadávok voči akcionárom, spoločníkom a členom družstva za upísané vlastné imanie v obchodných spoločnostiach a v družstve  |c Katarína Máziková 
520 |a Konečný zostatok vykázaný na účte 353 - Pohľadávky za upísané vlastné imanie sa bude podľa novelizovaného Opatrenia vykazovať vo výkaze Súvaha, na strane pasív, ako súčasť vlastného imania, na riadku č. 072 so znamienkom mínus. Týmto spôsobom sa zabezpečí odstránenie doterajšieho zvyšovania hodnoty majetku, čo je prínosom novely. Nový spôsob vykazovania pohľadávok za upísané vlastné imanie umožní získať presnejšie informácie aj pri finančnej analýze informácií prezentovaných v účtovnej závierke. 
610 2 0 |a imanie vlastné 
610 2 0 |a pohľadávky 
610 2 0 |a výkazy účtovné 
610 2 0 |a novelizácia 
610 2 0 |a spoločnosti obchodné 
610 2 0 |a družstvá 
100 1 |a Máziková, Katarína